I bisogni sanitari della popolazione omosessuale

Guardat en:
Dades bibliogràfiques
Autor principal: Petrantoni Luca
Format: Llibre
Idioma:idioma desconegut
Publicat: Bologna USL di Bologna 2000
Etiquetes: Afegir etiqueta
Sense etiquetes, Sigues el primer a etiquetar aquest registre!

MARC

LEADER 00000nam a2200000Ia 4500
001 73
003 NUMERAZIONE-ORIGINALE-BRESCIA
005 20260206230747.0
008 260206s9999 xx 000 0 und d
100 |a Petrantoni Luca 
245 0 |a I bisogni sanitari della popolazione omosessuale 
260 |a Bologna 
260 |b USL di Bologna 
260 |c 2000 
500 |a Una ricerca-intervento su HIV/AIDS a Bologna 
942 |2 ddc  |c BK  |n 0 
952 |0 0  |1 0  |2 ddc  |4 0  |6 25  |7 0  |9 28259  |a BS  |b BS  |d 2026-02-06  |i 73  |l 0  |o 2-5-*  |r 2026-02-06 22:40:31  |w 2026-02-06  |x [REVISIONARE]  |y BK 
999 |c 23955  |d 23955